| 000 | 00728nam a2200217Ii 4500 | ||
|---|---|---|---|
| 003 | JO-AjNU | ||
| 008 | 230605s9999||||xx |||||||||||||| ||und|| | ||
| 017 | _a1995/8074 | ||
| 020 | _a977-01-4516-5 | ||
| 040 |
_aJO-AjNU _bara _erda _cJO-AjNU |
||
| 041 | _aara | ||
| 050 | 1 | 4 | _aDT107.2.H39.A22 1995 |
| 100 | 3 |
_aرمضان، عبد العظيم, _eauthor _957073 |
|
| 245 | 0 | 0 | _aهيكل والكهف الناصري |
| 264 | 3 | 1 | _aالقاهرة: الهيئية المصرية العامة للكتاب، 1995 |
| 300 | _a74ص | ||
| 336 |
_atext _btxt _2rdacontent |
||
| 337 |
_aunmediated _bn _2rdamedia |
||
| 338 |
_avolume _bnc _2rdacarrier |
||
| 650 | 4 |
_aالسياسيون المصريون - تراجم - تاريخ _957074 |
|
| 999 |
_aA25554 _c29122 _d29122 |
||